[Event "ESP-chT CECLUB Div1"]
[Site "Linares"]
[Date "2021.09.14"]
[Round "7.4"]
[White "Jimenez Fernandez, Rebeca"]
[Black "Cao Armillas, Jesus"]
[Result "1-0"]
[WhiteElo "2009"]
[BlackElo "2000"]
[PlyCount "105"]
[EventDate "2021.09.08"]
[EventType "team-tourn"]
[EventRounds "7"]
[EventCountry "ESP"]
[SourceTitle "CBM 204 Extra"]
[Source "ChessBase"]
[SourceDate "2021.11.30"]
[SourceVersion "1"]
[SourceVersionDate "2021.11.30"]
[SourceQuality "1"]
[WhiteTeam "Albacete Excalibur"]
[BlackTeam "Collado Villalba"]
[WhiteTeamCountry "ESP"]
[BlackTeamCountry "ESP"]

1. e4 c5 2. Nf3 e6 3. d4 cxd4 4. Nxd4 a6 5. Nc3 b5 6. Bd3 Bb7 7. 0-0 Nc6 8. Nxc6 Bxc6 9. Be3 Be7 10. e5 f5 11. Ne2 Qc7 12. c3 Nh6 13. Bxh6 gxh6 14. f4 Rg8 15. g3 Rb8 16. Nd4 Ba8 17. Be2 b4 18. Rc1 Qa7 19. Bh5+ Kf8 20. Bf3 Bc5 21. Rc2 bxc3 22. bxc3 Bxf3 23. Rxf3 Ke7 24. Kg2 Bxd4 25. cxd4 Rgc8 26. d5 Rxc2+ 27. Qxc2 exd5 28. Qxf5 Rb2+ 29. Kh3 Qg1 30. Qf6+ Ke8 31. Qh8+ Ke7 32. Qxh7+ Ke8 33. Qh8+ Ke7 34. Qg7+ Ke8 35. Qh8+ Ke7 36. Qf6+ Ke8 37. e6 Qxh2+ 38. Kg4 dxe6 39. Qxe6+ Kf8 40. Qf5+ Kg7 41. Qe5+ Kf8 42. Qxd5 h5+ 43. Qxh5 Qxh5+ 44. Kxh5 Rxa2 45. Kg6 Rc2 46. f5 Rc4 47. f6 a5 48. Rb3 Rg4+ 49. Kf5 Rb4 50. Rc3 a4 51. g4 Rb5+ 52. Kg6 Rb8 53. Rh3 1-0

[Event "ESP-chT CECLUB Div1"]
[Site "Linares"]
[Date "2021.09.12"]
[Round "5.4"]
[White "Cao Armillas, Jesus"]
[Black "Socko, Monika"]
[Result "0-1"]
[WhiteElo "2000"]
[BlackElo "2385"]
[PlyCount "82"]
[EventDate "2021.09.08"]
[EventType "team-tourn"]
[EventRounds "7"]
[EventCountry "ESP"]
[SourceTitle "CBM 204 Extra"]
[Source "ChessBase"]
[SourceDate "2021.11.30"]
[SourceVersion "1"]
[SourceVersionDate "2021.11.30"]
[SourceQuality "1"]
[WhiteTeam "Collado Villalba"]
[BlackTeam "Solvay"]
[WhiteTeamCountry "ESP"]
[BlackTeamCountry "ESP"]

1. d4 Nf6 2. c4 e6 3. Nf3 Bb4+ 4. Bd2 Qe7 5. g3 Bxd2+ 6. Qxd2 Nc6 7. Nc3 d5 8. Ne5 dxc4 9. Nxc6 bxc6 10. Bg2 0-0 11. Bxc6 Rb8 12. 0-0 Rd8 13. Bg2 c5 14. e3 cxd4 15. exd4 Bb7 16. Rab1 Bxg2 17. Kxg2 Rb6 18. Rfd1 h6 19. Qe2 Qc7 20. Qf3 Nd5 21. Rd2 Qb8 22. Ne2 Nb4 23. Nc3 Nd3 24. Qe4 Qd6 25. Rc2 Qxd4 26. Qxd4 Rxd4 27. Ne2 Rd7 28. Rxc4 Rxb2 29. Rxb2 Nxb2 30. Rc2 Nd3 31. Kf1 e5 32. f3 Nb4 33. Rb2 Rd1+ 34. Kg2 Nd3 35. Rb8+ Kh7 36. Nc3 Rd2+ 37. Kg1 Ne1 38. f4 Nf3+ 39. Kf1 Nxh2+ 40. Ke1 Nf3+ 41. Kf1 exf4 0-1

[Event "Collado Villalba-A 37th"]
[Site "Collado Villalba"]
[Date "2020.08.26"]
[Round "6"]
[White "Renteria Becerra, Jorge Elicer"]
[Black "Cao Armillas, Jesus"]
[Result "1-0"]
[WhiteElo "2294"]
[BlackElo "2060"]
[PlyCount "87"]
[EventDate "2020.08.22"]
[EventType "tourn"]
[EventRounds "9"]
[EventCountry "ESP"]
[SourceTitle "CBM 198 Extra"]
[Source "ChessBase"]
[SourceDate "2020.11.30"]
[SourceVersion "1"]
[SourceVersionDate "2020.11.30"]
[SourceQuality "1"]

1. e4 c5 2. Nf3 d6 3. d4 cxd4 4. Qxd4 Nc6 5. Bb5 Bd7 6. Bxc6 Bxc6 7. Nc3 Nf6 8. Bg5 e6 9. 0-0-0 Be7 10. Qd3 0-0 11. Nd4 Qa5 12. h4 Rac8 13. f4 Rfd8 14. Kb1 Rd7 15. f5 e5 16. Bxf6 Bxf6 17. Nb3 Qc7 18. g4 b5 19. g5 Be7 20. f6 Bf8 21. Nd2 d5 22. Nxd5 Qd8 23. fxg7 Bxg7 24. Qf3 Bxd5 25. exd5 Rc5 26. d6 Qc8 27. Qd3 Rc4 28. Nxc4 bxc4 29. Qd5 c3 30. Rhf1 Qb8 31. Qb3 Qxb3 32. cxb3 cxb2 33. Kxb2 Bf8 34. Kb1 Kg7 35. Rd5 Rxd6 36. Rxe5 Rd7 37. Ref5 Kg8 38. h5 Bb4 39. Rb5 Be7 40. h6 a6 41. Rb8+ Bd8 42. Kc2 Kf8 43. g6 hxg6 44. Rd1 1-0

[Event "Collado Villalba op-A 36th"]
[Site "Collado Villalba"]
[Date "2019.08.28"]
[Round "6"]
[White "Cao Armillas, Jesus"]
[Black "Palenciano Escolar, Adrian"]
[Result "1-0"]
[WhiteElo "2044"]
[BlackElo "2146"]
[PlyCount "53"]
[EventDate "2019.08.23"]
[EventType "swiss"]
[EventRounds "9"]
[EventCountry "ESP"]
[SourceTitle "CBM 192 Extra"]
[Source "Chessbase"]
[SourceDate "2019.11.06"]
[SourceVersion "1"]
[SourceVersionDate "2019.11.06"]
[SourceQuality "1"]

1. d4 Nf6 2. c4 g6 3. Nc3 Bg7 4. g3 0-0 5. Bg2 d6 6. Nf3 Nbd7 7. 0-0 e5 8. e4 a6 9. Qc2 exd4 10. Nxd4 Re8 11. Rd1 Rb8 12. b3 Qe7 13. Bb2 h5 14. Re1 h4 15. Rad1 Ne5 16. Nd5 Nxd5 17. exd5 hxg3 18. hxg3 Qg5 19. f4 Qxg3 20. fxe5 Bxe5 21. Nf3 Bg4 22. Rf1 Bxf3 23. Rxf3 Qh2+ 24. Kf1 Bxb2 25. Qxb2 Re5 26. Qf2 Rbe8 27. Rh3 1-0

[Event "Madrid-ch sf"]
[Site "Madrid"]
[Date "2019.05.09"]
[Round "4"]
[White "Cao Armillas, Jesus"]
[Black "Gueler Berdasco, Martin"]
[Result "0-1"]
[WhiteElo "2043"]
[BlackElo "1917"]
[PlyCount "122"]
[EventDate "2019.05.06"]
[EventType "swiss"]
[EventRounds "9"]
[EventCountry "ESP"]
[SourceTitle "CBM 190 Extra"]
[Source "ChessBase"]
[SourceDate "2019.07.15"]
[SourceVersion "1"]
[SourceVersionDate "2019.07.15"]
[SourceQuality "1"]

1. d4 Nf6 2. c4 g6 3. f3 d5 4. cxd5 Nxd5 5. e4 Nb6 6. Be3 e5 7. Nc3 Bg7 8. dxe5 Qxd1+ 9. Rxd1 Bxe5 10. f4 Bxc3+ 11. bxc3 Be6 12. Bd4 0-0 13. Nf3 Bxa2 14. Ra1 Bc4 15. Kf2 Bxf1 16. Rhxf1 N8d7 17. Rfb1 Rfb8 18. Ra5 Nc4 19. Rxa7 c5 20. Rxa8 Rxa8 21. Be5 Ra2+ 22. Kg3 b6 23. Ne1 Re2 24. Kf3 Re3+ 25. Kf2 Ndxe5 26. fxe5 Rxc3 27. Nf3 Rc2+ 28. Kg3 Re2 29. Rc1 Ne3 30. Rb1 Rxg2+ 31. Kf4 Nc4 32. Rc1 b5 33. h3 Nb2 34. Ke3 c4 35. Kd4 Rg3 36. Ng1 Rb3 37. Rc2 Na4 38. Kd5 Nc3+ 39. Kd4 Na4 40. Kd5 c3 41. Kd4 Rb2 42. Rc1 Rd2+ 43. Ke3 b4 44. Nf3 Rd7 45. Nd4 Nb2 46. Nc6 Rd3+ 47. Ke2 Rd2+ 48. Ke3 Nc4+ 49. Kf4 b3 50. Rxc3 b2 51. Rb3 Rd1 52. Na5 b1Q 53. Rxb1 Rxb1 54. Nxc4 Rh1 55. Kg3 Re1 56. Nd6 Kf8 57. Kf2 Rh1 58. Kg2 Ra1 59. Kf3 Ra3+ 60. Kg4 h5+ 61. Kh4 Re3 0-1

[Event "Gibraltar Challengers op-A"]
[Site "Caleta"]
[Date "2019.01.25"]
[Round "5"]
[White "Cao Armillas, Jesus"]
[Black "Ramasindraibe, Girard"]
[Result "0-1"]
[WhiteElo "2048"]
[BlackElo "2129"]
[PlyCount "246"]
[EventDate "2019.01.21"]
[EventType "swiss"]
[EventRounds "5"]
[EventCountry "GGB"]
[SourceTitle "CBM 188 Extra"]
[Source "ChessBase"]
[SourceDate "2019.02.26"]
[SourceVersion "1"]
[SourceVersionDate "2019.02.26"]
[SourceQuality "1"]

1. d4 Nf6 2. c4 e6 3. Nf3 c5 4. Nc3 cxd4 5. Nxd4 a6 6. g3 Nc6 7. Bg2 Be7 8. 0-0 0-0 9. b3 d5 10. cxd5 exd5 11. Bb2 Bg4 12. h3 Be6 13. Nxe6 fxe6 14. e4 d4 15. Ne2 e5 16. Nc1 Rc8 17. Nd3 Bd6 18. f4 Qe7 19. Qe2 Nd7 20. Rac1 Kh8 21. Rf2 Nc5 22. fxe5 Nxd3 23. Rxf8+ Qxf8 24. Rf1 Qd8 25. Qxd3 Nxe5 26. Qd2 Nc6 27. Qf2 Be5 28. h4 Qd6 29. Kh2 Rd8 30. Bc1 d3 31. Bg5 Rb8 32. Bf4 h6 33. Rd1 Rd8 34. Bf1 Rf8 35. Rxd3 Qb8 36. Bg2 Bxf4 37. gxf4 Rxf4 38. Qg3 Rxh4+ 39. Kg1 Rf4 40. Rf3 g5 41. Qh3 Qf8 42. Rc3 Qd6 43. e5 Nxe5 44. Qc8+ Rf8 45. Qc5 Qd1+ 46. Kh2 Ng4+ 47. Kh3 Nf2+ 48. Kh2 Qd8 49. Qe5+ Rf6 50. Kg1 Qd1+ 51. Bf1 Nh3+ 52. Rxh3 Qxf1+ 53. Kh2 Qf4+ 54. Qxf4 gxf4 55. Kg2 Rg6+ 56. Kf2 Kg7 57. Rd3 Rf6 58. Kf3 Kg6 59. Rd5 h5 60. a4 h4 61. a5 h3 62. Rd2 Kg5 63. Rd5+ Rf5 64. Rd8 Rxa5 65. Rg8+ Kh4 66. Kxf4 h2 67. Rg4+ Kh5 68. Rg8 Rb5 69. Rh8+ Kg6 70. Rxh2 Rxb3 71. Ke4 Kf6 72. Kd4 Ke6 73. Kc4 Rb1 74. Rd2 a5 75. Kc5 Rb3 76. Rd4 Ke5 77. Ra4 b6+ 78. Kc4 Rb1 79. Ra2 Ke4 80. Re2+ Kf3 81. Ra2 Ke3 82. Kc3 Rb4 83. Ra1 Ke4 84. Rd1 Ke5 85. Rd2 b5 86. Ra2 Rc4+ 87. Kd3 a4 88. Ra1 Kd5 89. Ra2 Kc5 90. Ra1 Kb4 91. Rb1+ Ka5 92. Ra1 Rh4 93. Kc2 Rh2+ 94. Kc3 Rh3+ 95. Kc2 Kb4 96. Rb1+ Kc4 97. Rg1 Rh2+ 98. Kb1 Kb3 99. Rg3+ Kb4 100. Rg4+ Ka5 101. Rg3 Rf2 102. Rh3 b4 103. Rh5+ Kb6 104. Rh4 Kb5 105. Rh5+ Kc4 106. Rh4+ Kb5 107. Rh5+ Kb6 108. Rh6+ Kc5 109. Rh5+ Kd6 110. Rh4 Rf1+ 111. Ka2 b3+ 112. Kb2 Rf2+ 113. Kb1 a3 114. Rh1 Kc5 115. Rh5+ Kd4 116. Rh4+ Ke3 117. Rh3+ Rf3 118. Rh1 Kd3 119. Rd1+ Kc3 120. Rc1+ Kb4 121. Rh1 a2+ 122. Kb2 Rf2+ 123. Ka1 Ka3 0-1

[Event "Collado Villalba op-A 35th"]
[Site "Collado Villalba"]
[Date "2018.08.31"]
[Round "8"]
[White "Cao Armillas, Jesus"]
[Black "Lopez de Turiso, Jose Angel"]
[Result "0-1"]
[WhiteElo "2043"]
[BlackElo "1990"]
[PlyCount "114"]
[EventDate "2018.08.24"]
[EventType "swiss"]
[EventRounds "9"]
[EventCountry "ESP"]
[SourceTitle "CBM 186 Extra"]
[Source "ChessBase"]
[SourceDate "2018.08.24"]
[SourceVersion "1"]
[SourceVersionDate "2018.08.24"]
[SourceQuality "1"]

1. d4 Nf6 2. Nf3 d6 3. c4 Bg4 4. Nc3 c6 5. e4 e6 6. Be2 d5 7. cxd5 exd5 8. e5 Nfd7 9. 0-0 Be7 10. Be3 f6 11. Re1 0-0 12. h3 Bxf3 13. Bxf3 Nb6 14. exf6 Bxf6 15. Qb3 Na6 16. Rad1 Bg5 17. a4 Bxe3 18. Rxe3 Nc4 19. Re2 Na5 20. Qa3 Nc4 21. Qa1 Qg5 22. Qc1 Qxc1 23. Rxc1 Nb4 24. Nd1 Rae8 25. Ne3 Nd3 26. Rc3 Nf4 27. Rec2 Nxe3 28. fxe3 Nxh3+ 29. Kh2 Ng5 30. Bg4 g6 31. b4 h5 32. Be2 Ne4 33. Rb3 Nd6 34. Kg1 Nf5 35. b5 Nxe3 36. Rd2 Nf5 37. Rb4 Re7 38. Bf3 Ng3 39. Rc2 Rf6 40. a5 h4 41. Rb1 Kg7 42. Kh2 g5 43. a6 cxb5 44. axb7 Rxb7 45. Bxd5 Rd7 46. Bc6 Rxd4 47. Bxb5 a6 48. Rc7+ Kh6 49. Bc4 g4 50. Ra1 a5 51. Bb3 Ne4 52. Bc2 g3+ 53. Kg1 Rfd6 54. Re1 Re6 55. Ra1 Ng5 56. Ra7 Rd2 57. Ba4 h3 0-1

[Event "Collado Villalba op-A 35th"]
[Site "Collado Villalba"]
[Date "2018.08.30"]
[Round "7"]
[White "Longa Yauca, Javier"]
[Black "Cao Armillas, Jesus"]
[Result "1-0"]
[WhiteElo "2268"]
[BlackElo "2043"]
[PlyCount "81"]
[EventDate "2018.08.24"]
[EventType "swiss"]
[EventRounds "9"]
[EventCountry "ESP"]
[SourceTitle "CBM 186 Extra"]
[Source "ChessBase"]
[SourceDate "2018.08.24"]
[SourceVersion "1"]
[SourceVersionDate "2018.08.24"]
[SourceQuality "1"]

1. c4 e5 2. Nc3 Nf6 3. g3 Bb4 4. Bg2 0-0 5. Qb3 Bxc3 6. bxc3 Nc6 7. d3 Re8 8. e4 d6 9. h3 Rb8 10. Ne2 Be6 11. Qa3 Nd7 12. Be3 Qe7 13. g4 Nc5 14. Rd1 Bc8 15. Ng3 a6 16. d4 Nd7 17. d5 Nd8 18. Nf5 Qf8 19. 0-0 f6 20. c5 Nxc5 21. Bxc5 Bxf5 22. Be3 Bc8 23. Rfe1 Nf7 24. Rb1 Nh8 25. c4 Ng6 26. Rec1 Nf4 27. Bf1 h5 28. f3 hxg4 29. hxg4 g6 30. c5 f5 31. cxd6 cxd6 32. Rb6 Rd8 33. Bxf4 exf4 34. gxf5 gxf5 35. Rc2 Qf6 36. Qb4 Rd7 37. Rg2+ Kf8 38. exf5 a5 39. Qxf4 Rf7 40. Rxd6 Qe7 41. Qh6+ 1-0

[Event "Collado Villalba op-A 35th"]
[Site "Collado Villalba"]
[Date "2018.08.27"]
[Round "4"]
[White "Martin Duque, Jesus"]
[Black "Cao Armillas, Jesus"]
[Result "1-0"]
[WhiteElo "2378"]
[BlackElo "2043"]
[PlyCount "109"]
[EventDate "2018.08.24"]
[EventType "swiss"]
[EventRounds "9"]
[EventCountry "ESP"]
[SourceTitle "CBM 186 Extra"]
[Source "ChessBase"]
[SourceDate "2018.08.24"]
[SourceVersion "1"]
[SourceVersionDate "2018.08.24"]
[SourceQuality "1"]

1. e4 c5 2. Nf3 e6 3. d4 cxd4 4. Nxd4 a6 5. Bd3 Bc5 6. Nb3 Be7 7. 0-0 Nc6 8. c4 d6 9. Nc3 Nf6 10. Be3 0-0 11. f4 Re8 12. Be2 Qc7 13. Rc1 Bf8 14. Bf3 Rb8 15. Kh1 Nd7 16. g4 b6 17. g5 Bb7 18. Bg2 Nc5 19. Bg1 Rbd8 20. Nxc5 bxc5 21. Qh5 g6 22. Qh4 Qe7 23. Rce1 h6 24. Nd1 Bg7 25. Nf2 hxg5 26. fxg5 Ne5 27. Re3 f5 28. Rh3 Kf7 29. b3 Rh8 30. Qg3 Rxh3 31. Nxh3 Kg8 32. exf5 exf5 33. Nf4 Re8 34. Re1 Qd7 35. Rd1 Qc7 36. Bxb7 Qxb7+ 37. Qg2 Qxg2+ 38. Kxg2 Bf8 39. Re1 Kf7 40. Nd5 Bg7 41. Bf2 Ra8 42. Re2 Ra7 43. Rd2 Ke6 44. Nf4+ Ke7 45. b4 Rd7 46. bxc5 Nxc4 47. Rc2 d5 48. Nxg6+ Kf7 49. Nf4 Ne5 50. Rd2 Ng6 51. Nd3 Bc3 52. Rc2 d4 53. h4 Ke6 54. h5 Nf8 55. Re2+ 1-0

[Event "Collado Villalba op-A 35th"]
[Site "Collado Villalba"]
[Date "2018.08.26"]
[Round "3"]
[White "Cao Armillas, Jesus"]
[Black "Martinez Fernandez, Raul"]
[Result "1-0"]
[WhiteElo "2043"]
[BlackElo "2199"]
[PlyCount "73"]
[EventDate "2018.08.24"]
[EventType "swiss"]
[EventRounds "9"]
[EventCountry "ESP"]
[SourceTitle "CBM 186 Extra"]
[Source "ChessBase"]
[SourceDate "2018.08.24"]
[SourceVersion "1"]
[SourceVersionDate "2018.08.24"]
[SourceQuality "1"]

1. d4 d5 2. Nf3 Nf6 3. c4 c6 4. Nc3 dxc4 5. a4 Na6 6. e3 Bg4 7. Bxc4 e6 8. 0-0 Be7 9. h3 Bxf3 10. Qxf3 Nb4 11. Rd1 0-0 12. Qe2 Qc7 13. e4 h6 14. Be3 Rad8 15. Rd2 Rd7 16. Rad1 Rfd8 17. Kh1 Qa5 18. f4 Na6 19. Bf2 Nc7 20. Bb3 Kh8 21. Qf3 Ng8 22. Rd3 f5 23. exf5 Qxf5 24. g4 Qa5 25. Re1 Bb4 26. Re5 Qa6 27. g5 Bd6 28. Re4 Nd5 29. Nxd5 exd5 30. Re1 Bxf4 31. gxh6 Nxh6 32. Bc2 Rf7 33. Qh5 Rf6 34. Bh4 Rf5 35. Re8+ Rxe8 36. Qxe8+ Ng8 37. Rf3 1-0

[Event "ESP-chT CECLUB Div1"]
[Site "Linares"]
[Date "2018.08.11"]
[Round "6.1"]
[White "Bermudez Revuelta, Paula"]
[Black "Cao Armillas, Jesus"]
[Result "1-0"]
[WhiteElo "1887"]
[BlackElo "2043"]
[PlyCount "103"]
[EventDate "2018.08.06"]
[EventType "team-tourn"]
[EventRounds "7"]
[EventCountry "ESP"]
[SourceTitle "CBM 185 Extra"]
[Source "ChessBase"]
[SourceDate "2018.07.29"]
[SourceVersion "1"]
[SourceVersionDate "2018.07.29"]
[SourceQuality "1"]
[WhiteTeam "Real Oviedo"]
[BlackTeam "Collado Villalba"]
[WhiteTeamCountry "ESP"]
[BlackTeamCountry "ESP"]

1. e4 c5 2. Nf3 d6 3. d4 cxd4 4. Nxd4 Nf6 5. Nc3 a6 6. Be2 e5 7. Nb3 Be7 8. Bg5 Be6 9. Bxf6 Bxf6 10. Qd3 Nc6 11. 0-0-0 Nd4 12. Nxd4 exd4 13. Nd5 Bxd5 14. exd5 0-0 15. Qf3 Rc8 16. Bd3 Re8 17. Kb1 Be5 18. h4 Qf6 19. Qe4 g6 20. h5 Qf4 21. hxg6 hxg6 22. Qxf4 Bxf4 23. Rh4 Be5 24. Rdh1 Bf6 25. R4h3 Rc5 26. f4 Rxd5 27. g4 Re3 28. b4 b5 29. a4 Re8 30. a5 Bg7 31. Kc1 Re3 32. Kd2 g5 33. Rh5 f6 34. c4 Rxd3+ 35. Kxd3 bxc4+ 36. Kxc4 Rb5 37. Rd1 d5+ 38. Kb3 Bf8 39. Rxd4 Bc5 40. Rxd5 Rxb4+ 41. Kc3 Bf8 42. Rd4 Rb5 43. fxg5 fxg5 44. Ra4 Kg7 45. Rh1 Be7 46. Rd1 Rc5+ 47. Kd4 Rb5 48. Rc1 Bd8 49. Rc5 Rb1 50. Rc6 Rg1 51. Kd3 Rg3+ 52. Ke2 1-0

[Event "ESP-chT CECLUB Div1"]
[Site "Linares"]
[Date "2018.08.06"]
[Round "1.1"]
[White "Cao Armillas, Jesus"]
[Black "Garcia Molina, Jose"]
[Result "1/2-1/2"]
[WhiteElo "2043"]
[BlackElo "1969"]
[PlyCount "132"]
[EventDate "2018.08.06"]
[EventType "team-tourn"]
[EventRounds "7"]
[EventCountry "ESP"]
[SourceTitle "CBM 185 Extra"]
[Source "ChessBase"]
[SourceDate "2018.07.29"]
[SourceVersion "1"]
[SourceVersionDate "2018.07.29"]
[SourceQuality "1"]
[WhiteTeam "Collado Villalba"]
[BlackTeam "Silla Lopez Instalaciones"]
[WhiteTeamCountry "ESP"]
[BlackTeamCountry "ESP"]

1. d4 Nf6 2. c4 c5 3. d5 b5 4. cxb5 a6 5. Nc3 d6 6. bxa6 Bxa6 7. Nf3 g6 8. g3 Bg7 9. Bg2 Nbd7 10. Rb1 0-0 11. 0-0 Qa5 12. Bd2 Rfb8 13. b3 Ng4 14. Qc2 Nge5 15. Ne1 Rb7 16. h3 Nf6 17. Kh2 Ne8 18. f4 Nd7 19. Na4 Qd8 20. Nd3 Nc7 21. Bc3 Nb5 22. Bxg7 Kxg7 23. e3 Kg8 24. Rbc1 Na3 25. Qc3 c4 26. Nb4 Qa5 27. Nxa6 Rxa6 28. Qxa5 Rxa5 29. Rc3 cxb3 30. axb3 Nb5 31. Rc8+ Kg7 32. Rfc1 Nf6 33. Nb2 Na7 34. R8c3 Rab5 35. Nd1 Rb4 36. Rd3 Nd7 37. e4 Nb5 38. Rc4 Na3 39. Rc6 Nb8 40. Rcc3 Nb1 41. Rc4 Na3 42. Rc8 Nd7 43. Re3 Nb5 44. e5 Na7 45. Rd8 Nb5 46. e6 Nc5 47. exf7 Kxf7 48. Bf1 Nd4 49. Bc4 Ncxb3 50. Bxb3 Rxb3 51. Rxb3 Rxb3 52. Rh8 Kg7 53. Re8 Kf7 54. Rh8 h5 55. Rh7+ Kf6 56. Nf2 Re3 57. Kg2 e6 58. dxe6 Kxe6 59. g4 hxg4 60. hxg4 Rf3 61. Nh3 Ra3 62. Ng5+ Kd5 63. Rd7 Ne6 64. Nxe6 Kxe6 65. Rg7 Kf6 66. Rd7 Ke6 1/2-1/2

[Event "Mostoles op 9th"]
[Site "Mostoles"]
[Date "2018.07.20"]
[Round "4"]
[White "Cao Armillas, Jesus"]
[Black "Perez Cameselle, Francisco Jose"]
[Result "1/2-1/2"]
[WhiteElo "2073"]
[BlackElo "1641"]
[PlyCount "69"]
[EventDate "2018.07.17"]
[EventType "swiss"]
[EventRounds "9"]
[EventCountry "ESP"]
[SourceTitle "CBM 186 Extra"]
[Source "ChessBase"]
[SourceDate "2018.08.24"]
[SourceVersion "1"]
[SourceVersionDate "2018.08.24"]
[SourceQuality "1"]

1. e4 c5 2. Nf3 Nc6 3. d4 cxd4 4. Nxd4 g6 5. Be3 Bg7 6. Nc3 Nf6 7. Bc4 d6 8. f3 Qb6 9. Bb5 Qc7 10. Nd5 Nxd5 11. exd5 a6 12. Bxc6+ bxc6 13. dxc6 0-0 14. 0-0 Rb8 15. Rb1 e5 16. Ne2 Qxc6 17. Qd2 d5 18. c3 Be6 19. f4 f6 20. fxe5 fxe5 21. Rxf8+ Rxf8 22. Rd1 Bg4 23. h3 Bxe2 24. Qxe2 Rd8 25. Qf3 Qe6 26. Bg5 Rd7 27. Rf1 Rf7 28. Qxf7+ Qxf7 29. Rxf7 Kxf7 30. Kf2 Ke6 31. g4 d4 32. cxd4 exd4 33. Ke2 d3+ 34. Kxd3 Bxb2 35. Ke4 1/2-1/2

[Event "Mostoles op 9th"]
[Site "Mostoles"]
[Date "2018.07.18"]
[Round "2"]
[White "Cao Armillas, Jesus"]
[Black "Olmedo Aznar, Eduardo"]
[Result "1/2-1/2"]
[WhiteElo "2073"]
[BlackElo "1586"]
[PlyCount "64"]
[EventDate "2018.07.17"]
[EventType "swiss"]
[EventRounds "9"]
[EventCountry "ESP"]
[SourceTitle "CBM 186 Extra"]
[Source "ChessBase"]
[SourceDate "2018.08.24"]
[SourceVersion "1"]
[SourceVersionDate "2018.08.24"]
[SourceQuality "1"]

1. d4 Nf6 2. c4 e5 3. dxe5 Ng4 4. Nf3 Bc5 5. e3 Nc6 6. Nc3 Ngxe5 7. Nxe5 Nxe5 8. Be2 d6 9. 0-0 0-0 10. Na4 Bb6 11. Nxb6 axb6 12. b3 Qf6 13. Qd4 Qg6 14. f4 Bh3 15. Rf2 Ng4 16. f5 Qg5 17. e4 Qh4 18. gxh3 Nxf2 19. Qxf2 Qxe4 20. Bb2 Rxa2 21. Rxa2 Qb1+ 22. Bf1 Qxa2 23. f6 Qb1 24. fxg7 Qg6+ 25. Bg2 Ra8 26. Qe2 Qb1+ 27. Kf2 Qf5+ 28. Kg1 Qb1+ 29. Bf1 Qg6+ 30. Bg2 Qb1+ 31. Kf2 Qf5+ 32. Kg1 Qb1+ 1/2-1/2

[Event "Madrid-chT 1718"]
[Site "Madrid"]
[Date "2018.02.25"]
[Round "11.46"]
[White "Bento Iglesias, Pablo"]
[Black "Cao Armillas, Jesus"]
[Result "1/2-1/2"]
[WhiteElo "1983"]
[BlackElo "2079"]
[PlyCount "77"]
[EventDate "2017.11.19"]
[EventType "team-tourn"]
[EventRounds "14"]
[EventCountry "ESP"]
[SourceTitle "EXT 2019"]
[Source "ChessBase"]
[SourceDate "2018.10.10"]
[SourceVersion "1"]
[SourceVersionDate "2018.10.10"]
[SourceQuality "1"]
[WhiteTeam "Blanco y Negro"]
[BlackTeam "Collado Villalba"]
[WhiteTeamCountry "ESP"]
[BlackTeamCountry "ESP"]

1. e4 c5 2. c3 e5 3. d3 Nc6 4. g3 g6 5. Bg2 Bg7 6. Ne2 Nge7 7. 0-0 0-0 8. f4 f5 9. fxe5 fxe4 10. Rxf8+ Kxf8 11. d4 d5 12. exd6 Qxd6 13. Bf4 Qd5 14. Nd2 cxd4 15. Nxe4 dxc3 16. N2xc3 Qd4+ 17. Kh1 Qxd1+ 18. Rxd1 Bg4 19. Re1 Rd8 20. Nc5 b6 21. Ne6+ Bxe6 22. Rxe6 Bxc3 23. Bxc6 Nxc6 24. bxc3 Nb8 25. Kg2 Kf7 26. Rd6 Rxd6 27. Bxd6 Nd7 28. Kf3 Ke6 29. Bc7 Nc5 30. c4 Na6 31. Bf4 Nb4 32. a4 Nd3 33. Bb8 a6 34. Bc7 Ne5+ 35. Bxe5 Kxe5 36. Ke3 a5 37. Kd3 g5 38. Ke3 h5 39. h4 1/2-1/2

[Event "Madrid-chT 1718"]
[Site "Madrid"]
[Date "2018.01.28"]
[Round "7.26"]
[White "Cao Armillas, Jesus"]
[Black "Perdomo Araujo, Angel Eduardo"]
[Result "0-1"]
[WhiteElo "2101"]
[BlackElo "2053"]
[PlyCount "90"]
[EventDate "2017.11.19"]
[EventType "team-tourn"]
[EventRounds "14"]
[EventCountry "ESP"]
[SourceTitle "EXT 2019"]
[Source "ChessBase"]
[SourceDate "2018.10.10"]
[SourceVersion "1"]
[SourceVersionDate "2018.10.10"]
[SourceQuality "1"]
[WhiteTeam "Collado Villalba"]
[BlackTeam "Villalba 64"]
[WhiteTeamCountry "ESP"]
[BlackTeamCountry "ESP"]

1. d4 Nf6 2. c4 g6 3. g3 d5 4. cxd5 Nxd5 5. Bg2 Bg7 6. Nf3 0-0 7. 0-0 Nb6 8. Nc3 Nc6 9. e3 e5 10. d5 Na5 11. e4 c6 12. b4 Nac4 13. Qb3 cxd5 14. exd5 e4 15. Ng5 e3 16. Nge4 f5 17. Nc5 Qf6 18. N5a4 Nxa4 19. Nxa4 e2 20. Re1 Qxa1 21. Qxc4 Bd7 22. Nc5 Qc3 23. Qxc3 Bxc3 24. Rxe2 Bb5 25. Rc2 Rfe8 26. Be3 Bxb4 27. Nxb7 Rac8 28. Rxc8 Rxc8 29. d6 a5 30. Bd5+ Kg7 31. Bd4+ Kf8 32. Be6 Rc1+ 33. Kg2 Bc6+ 34. Kh3 Bxb7 35. d7 Be7 36. Be3 g5 37. Bxf5 Rd1 38. Bg4 Rd6 39. Bc5 Rd5 40. Bb6 a4 41. Be6 Rd2 42. Ba5 Rd1 43. Bg4 Rd5 44. Bc3 Bc6 45. Be6 Bxd7 0-1

[Event "Madrid-chT 1718"]
[Site "Madrid"]
[Date "2017.11.19"]
[Round "1.36"]
[White "Unciti Juan, Javier"]
[Black "Cao Armillas, Jesus"]
[Result "1-0"]
[WhiteElo "2018"]
[BlackElo "2112"]
[PlyCount "101"]
[EventDate "2017.11.19"]
[EventType "team-tourn"]
[EventRounds "14"]
[EventCountry "ESP"]
[SourceTitle "EXT 2019"]
[Source "ChessBase"]
[SourceDate "2018.10.10"]
[SourceVersion "1"]
[SourceVersionDate "2018.10.10"]
[SourceQuality "1"]
[WhiteTeam "La Casa del Ajedrez"]
[BlackTeam "Collado Villalba"]
[WhiteTeamCountry "ESP"]
[BlackTeamCountry "ESP"]

1. e4 c5 2. Nf3 d6 3. d4 cxd4 4. Nxd4 Nf6 5. Nc3 a6 6. h3 e6 7. Be3 Be7 8. g4 b5 9. Bg2 Bb7 10. a3 Qc7 11. 0-0 Nc6 12. Nxc6 Bxc6 13. Qd3 0-0 14. Rad1 Rfd8 15. f4 Qb7 16. g5 Nd7 17. Qe2 Nc5 18. Bc1 a5 19. b4 axb4 20. axb4 Na4 21. Nxa4 Rxa4 22. c3 Rda8 23. Rd2 e5 24. Qf3 exf4 25. Qxf4 Bf8 26. Rdf2 Ra1 27. Qxf7+ Qxf7 28. Rxf7 Rxc1 29. Rxf8+ Rxf8 30. Rxc1 Re8 31. Re1 Re5 32. h4 d5 33. Kf2 dxe4 34. Ke3 g6 35. Rf1 Kg7 36. Rf4 h6 37. gxh6+ Kxh6 38. Bxe4 Kh5 39. Kd4 Re6 40. Bxc6 Rxc6 41. Re4 Kh6 42. Kd3 Rd6+ 43. Rd4 Rf6 44. c4 bxc4+ 45. Kxc4 Kg7 46. b5 Kf7 47. Kc5 Ke7 48. b6 Rf5+ 49. Kc6 Rf1 50. b7 Rb1 51. Rd5 1-0